000
00193nam a22000857a 4500
008
231004b |||||||| |||| 00| 0 eng d
020
_a
9789966031396
245
_a
CRIMINAL LAW
942
_2
lcc
_c
BK
999
_c
207546
_d
207546